A dictionary of elctronics

保存先:
書誌詳細
第一著者: Sandel, H.
フォーマット: 図書
言語:Undetermined
出版事項: New York Pengiun Books 1977
主題:
タグ: タグ追加
タグなし, このレコードへの初めてのタグを付けませんか!
Thư viện lưu trữ: Trung tâm Học liệu Trường Đại học Cần Thơ
LEADER 00489nam a2200193Ia 4500
001 CTU_82697
008 210402s9999 xx 000 0 und d
082 |a 621.381 
082 |b S214 
100 |a Sandel, H. 
245 2 |a A dictionary of elctronics 
245 0 |c H. Sandel 
260 |a New York 
260 |b Pengiun Books 
260 |c 1977 
650 |a Electronics 
650 |x Dictionaries 
904 |i QHieu(sửa) 
980 |a Trung tâm Học liệu Trường Đại học Cần Thơ